000 00511nam a22001577a 4500
003 OSt
005 20260317094512.0
008 260317b |||||||| |||| 00| 0 eng d
040 _cMRSPTU
041 _aEnglish
100 _aShagufi Singla, Supervisor: Dr. Paramjeet Singh
245 _aPerformance Optimization of Deployment Strategies for Coverage Problem in Wireless Sensor Network
260 _bDepartment of CSE, MRSPTU, Bathinda
_c2015
650 _aComputer Science & Engineering
942 _2ddc
_cTH
_n0
999 _c11163
_d11163